Attitudes and knowledge relating to biodiversity and the natural environment (Record no. 112202)

MARC details
000 -LEADER
fixed length control field 01336cad a22001935a 4500
001 - CONTROL NUMBER
control field L152754
008 - FIXED-LENGTH DATA ELEMENTS--GENERAL INFORMATION
fixed length control field 110419s2011 xxk f 000 0 eng d
035 ## - SYSTEM CONTROL NUMBER
System control number (Sirsi) u152754
041 0# - LANGUAGE CODE
Language code of text/sound track or separate title eng
110 2# - MAIN ENTRY--CORPORATE NAME
Corporate name or jurisdiction name as entry element United Kingdom
Subordinate unit Department for Environment Food and Rural Affairs
245 00 - TITLE STATEMENT
Title Attitudes and knowledge relating to biodiversity and the natural environment
Remainder of title 2007-2011
Medium [electronic resource]
260 ## - PUBLICATION, DISTRIBUTION, ETC.
Place of publication, distribution, etc. London
Name of publisher, distributor, etc. DEFRA
Date of publication, distribution, etc. 2011
520 ## - SUMMARY, ETC.
Summary, etc. Provides survey results on attitudes and knowledge related to biodiversity and the natural environment from 2007 to 2011. The results are based on 1 769 face to face interviews in England conducted in late March 2011, and similar surveys conducted in earlier years. Key results include that in 2011 92% of respondents said it was fairly or very important for them to have public gardens, parks, commons or other green spaces nearby and fifty-six per cent of respondents said they used public gardens parks, commons or other green spaces at least once a week.
590 ## - LOCAL NOTE (RLIN)
Local note KA NTK
651 #4 - SUBJECT ADDED ENTRY--GEOGRAPHIC NAME
Geographic name England
Chronological subdivision 886-
690 ## - LOCAL SUBJECT ADDED ENTRY--TOPICAL TERM (OCLC, RLIN)
Topical term or geographic name as entry element ENVIRONMENTAL AND LAND CONSULTANCY-ENVIRONMENTAL MANAGEMENT-ENVIRONMENTAL CONSERVATION
856 40 - ELECTRONIC LOCATION AND ACCESS
Uniform Resource Identifier <a href="https://www.defra.gov.uk/statistics/files/Statistical-Release-13-April-2011-biodiversity1.pdf">https://www.defra.gov.uk/statistics/files/Statistical-Release-13-April-2011-biodiversity1.pdf</a>
Public note View the item free of charge at www.defra.gov.uk
942 ## - ADDED ENTRY ELEMENTS (KOHA)
Suppress in OPAC 0
Holdings
Withdrawn status Lost status Source of classification or shelving scheme Damaged status Not for loan Home library Current library Shelving location Date acquired Total Checkouts Full call number Barcode Date last seen Copy number Price effective from Koha item type
    Dewey Decimal Classification     Virtual Virtual Online 19/04/2011   ONLINE PUBLICATION 152754-2001 06/08/2019 1 06/08/2019 Book